| 000 | 00878nam a2200277Ia 4500 | ||
|---|---|---|---|
| 001 | Para_1527 | ||
| 003 | CHAP | ||
| 008 | 220125s1961 xx 000 0 und d | ||
| 010 | _a198892 | ||
| 040 | _cCHAP | ||
| 082 | _aPA 631.521 F36 | ||
| 110 |
_aFAO _939428 |
||
| 245 |
_aLas semillas agrícolas y hortícolas : _b producción, control y distribución / _c por FAO |
||
| 260 |
_aRoma : _b La Organización |
||
| 300 | _a616 p. | ||
| 440 |
_aColección FAO : producción y protección vegetal; 12. FAO-estudiós agropecuarios, 55 _9164193 |
||
| 650 |
_aSemillas _9103873 |
||
| 710 |
_aOrganización de Las Naciones Unidas Para la Agrícultura y la Alimentación _9147757 |
||
| 901 | _aPA 631.521 F36 | ||
| 902 | _aA | ||
| 905 | _a0000001961 0000000000 00 | ||
| 910 | _a1961 | ||
| 942 | _cPARA | ||
| 942 |
_cPARA _d1 |
||
| 999 |
_c198892 _d198892 |
||